Park (-ovisko)?

Bibliographic Details
Main Authors: Izsák, Gábor, 1959- (Author), Sádovský, Marek (Author)
Format: Article
Language:Slovak
ISSN:1335-1737
Subjects:

MARC

LEADER 00000nab a2200000 a 4500
001 vtls008157012
003 SK-MaSNL
005 20260303074552.0
008 140328 2004 xo 000 0 slo
015 |a SNBRB2005/05 
040 |a SNKBUCL  |b slo  |c SNKBUCL  |e AACR2 
041 0 |a slo 
044 |a xo  |c SK 
080 |a 502.4:712.2  |2 1981 
080 |a 712.2  |2 1981 
100 1 |a Izsák, Gábor,  |d 1959-  |4 aut  |9 135369 
245 1 0 |a Park (-ovisko)?  |c G. Izsák, M. Sádovský 
650 0 7 |a parky  |2 snkbucl  |9 2942 
650 0 7 |a chránené parky  |2 snkbucl  |9 74440 
651 7 |a Nitriansky samosprávny kraj (Slovensko)  |2 snkbucl  |9 153445 
651 7 |a Nitra (Slovensko)  |2 snkbucl  |9 15714 
700 1 |a Sádovský, Marek  |4 aut  |9 24947 
773 0 |t Chránené územia Slovenska  |g Č. 61 (2004), s. 47  |x 1335-1737 
999 |c 1772128  |d 1774058